[Event "ARG-ch sf U1700 La Falda Turistica"]
[Site "La Falda"]
[Date "2017.10.28"]
[Round "1.4"]
[White "Balcarce, Gisella Gianina"]
[Black "Suarez, Carlos"]
[Result "1-0"]
[WhiteElo "1584"]
[BlackElo "1271"]
[PlyCount "105"]
[EventDate "2017.10.28"]
[EventType "swiss"]
[EventRounds "6"]
[EventCountry "ARG"]
[SourceTitle "EXT 2024"]
[Source "ChessBase"]
[SourceDate "2023.10.10"]
[SourceVersion "1"]
[SourceVersionDate "2023.10.10"]
[SourceQuality "1"]

1. e4 e5 2. Nf3 f5 3. d4 d6 4. Nc3 Be7 5. dxe5 dxe5 6. Qxd8+ Bxd8 7. Nxe5 Bf6 8. f4 c6 9. Bc4 Ne7 10. Nf7 Bxc3+ 11. bxc3 b5 12. Bb3 Rf8 13. Nd6+ Kd7 14. e5 Nd5 15. Bxd5 cxd5 16. Nxb5 Ba6 17. Ba3 Rc8 18. Rb1 Rc4 19. 0-0 Bxb5 20. Rxb5 Rxc3 21. Rxd5+ Ke8 22. Bc5 Nd7 23. Bb4 Rxc2 24. a3 Nb6 25. Rc5 Rxc5 26. Bxc5 Rc8 27. Bxb6 axb6 28. Rb1 Rc6 29. Kf2 Kd7 30. Ke3 Kc7 31. Kd3 Kd7 32. Rb4 Kc7 33. Rc4 b5 34. Rxc6+ Kxc6 35. Kd4 g6 36. e6 Kd6 37. e7 Kxe7 38. Kc5 Kd7 39. Kxb5 Kc7 40. a4 Kb7 41. a5 h6 42. a6+ Ka7 43. Kc6 g5 44. fxg5 hxg5 45. Kd5 Kxa6 46. Ke5 f4 47. Kf5 Kb7 48. Kxg5 f3 49. gxf3 Kc8 50. f4 Kd7 51. f5 Ke7 52. Kg6 Kf8 53. Kf6 1-0